=LDR 00000nam 2200000 4500 =001 NUTBA000000000005209 =005 20200908010006 =035 ##$$a 0010-101400000000439 =008 200908################g##########0#ind## =020 ##$$a 979-744-715-4 =040 ##$$a NBPDMAT =082 ##$$a 301.076 =090 ##$$a 301.076 $b Sri a =100 ##$$a Sri Agus =245 1#$$a Antropologi untuk SMA / MA kelas XII program bahasa /$c Sri Agus ; editor, Nawang Jiwagraha Vardaya =260 ##$$a Jakarta :$b Ganeca Exact,$c 2013 =300 ##$$a vi, 122 hlm. : $b ilus. ; $c 14x24 cm. =650 #4$$a Antropologi-Studi dan pengajaran =084 ##$$a 301.076 SRI a =990 ##$$a 21415177 =990 ##$$a 21415178 =990 ##$$a 21415179 =990 ##$$a 21415180 =990 ##$$a 21415181